[Event "LSS SC-2010-0-00086"]
[Site "LSS email"]
[Date "2011.01.28"]
[Round "?"]
[White "Milde, Lars"]
[Black "Pisar, Juraj"]
[Result "1-0"]
[WhiteElo "1583"]
[BlackElo "1305"]
[PlyCount "43"]
[EventDate "2010.12.18"]
[EventType "tourn (corr)"]
[EventRounds "6"]
[EventCountry "GER"]
[SourceTitle "Telechess CBM 147"]
[Source "ChessBase"]
[SourceDate "2012.03.16"]
[SourceVersion "1"]
[SourceVersionDate "2012.03.16"]
[SourceQuality "1"]

1. e4 e5 2. f4 exf4 3. Nf3 d6 4. d4 Nf6 5. Nc3 Be7 6. Bc4 0-0 7. Bxf4 Bg4 8. 0-0 Nbd7 9. Qd3 Nb6 10. Bb3 Nh5 11. Be3 Nd7 12. h3 Ng3 13. hxg4 Nxf1 14. Rxf1 Nf6 15. Ng5 Nxg4 16. Rxf7 Rxf7 17. Nxf7 Qf8 18. Nxd6+ Kh8 19. Nf7+ Kg8 20. Bd2 Bh4 21. e5 Nf2 22. Ng5+ 1-0

[Event "SVK-chT2A 0708"]
[Site "Slovakia"]
[Date "2008.02.02"]
[Round "8.7"]
[White "Janko, Michal"]
[Black "Pisar, Juraj"]
[Result "1-0"]
[WhiteElo "2143"]
[BlackElo "1655"]
[PlyCount "61"]
[EventDate "2007.10.06"]
[EventType "team-tourn"]
[EventRounds "11"]
[EventCountry "SVK"]
[SourceTitle "EXT 2010"]
[Source "ChessBase"]
[SourceDate "2010.11.25"]
[SourceVersion "1"]
[SourceVersionDate "2010.11.25"]
[SourceQuality "1"]
[WhiteTeam "Galanta"]
[BlackTeam "Bratislava Slavia STU"]
[WhiteTeamCountry "SVK"]
[BlackTeamCountry "SVK"]

1. d4 d5 2. c4 c6 3. Nc3 e6 4. Nf3 Nf6 5. e3 Be7 6. Bd3 dxc4 7. Bxc4 0-0 8. 0-0 Nbd7 9. e4 Nb6 10. Bd3 h6 11. Qe2 c5 12. e5 Nfd5 13. dxc5 Bxc5 14. Ne4 Be7 15. Ng3 Nd7 16. Nh5 b6 17. Nd4 Nxe5 18. Qxe5 f6 19. Qg3 g5 20. Nc6 Qd7 21. Nxe7+ Qxe7 22. Nf4 Nxf4 23. Bxf4 e5 24. Bd2 Bb7 25. Bf5 Rad8 26. Bc3 Rd5 27. Qg4 Kg7 28. Bb4 Rd4 29. Bxe7 Rxg4 30. Bxf8+ Kxf8 31. Bxg4 1-0

[Event "Bratislava Doprastav op"]
[Site "Bratislava"]
[Date "2006.06.28"]
[Round "6"]
[White "Susko, Peter"]
[Black "Pisar, Juraj"]
[Result "1-0"]
[WhiteElo "1955"]
[BlackElo "1502"]
[PlyCount "39"]
[EventDate "2006.06.24"]
[EventType "swiss"]
[EventRounds "9"]
[EventCountry "SVK"]
[SourceTitle "EXT 2008"]
[Source "ChessBase"]
[SourceDate "2007.11.25"]
[SourceVersion "1"]
[SourceVersionDate "2007.11.25"]
[SourceQuality "1"]

1. d4 d5 2. c4 c6 3. e3 Nf6 4. Nc3 e6 5. Qc2 Nbd7 6. Nf3 Bd6 7. Bd3 Qe7 8. 0-0 0-0 9. e4 dxe4 10. Nxe4 Nxe4 11. Bxe4 Nf6 12. Bg5 h6 13. Bh4 e5 14. Rfe1 g6 15. dxe5 Bxe5 16. Bxg6 fxg6 17. Rxe5 Qf7 18. Rae1 Bf5 19. Qc1 h5 20. Re7 1-0

[Event "Bratislava Doprastav op"]
[Site "Bratislava"]
[Date "2006.06.24"]
[Round "1"]
[White "Badura, Peter"]
[Black "Pisar, Juraj"]
[Result "1-0"]
[WhiteElo "2017"]
[BlackElo "1502"]
[PlyCount "41"]
[EventDate "2006.06.24"]
[EventType "swiss"]
[EventRounds "9"]
[EventCountry "SVK"]
[SourceTitle "EXT 2008"]
[Source "ChessBase"]
[SourceDate "2007.11.25"]
[SourceVersion "1"]
[SourceVersionDate "2007.11.25"]
[SourceQuality "1"]

1. e4 e5 2. Nf3 Nc6 3. Bb5 Nf6 4. 0-0 Bc5 5. c3 0-0 6. d4 exd4 7. e5 Ng4 8. cxd4 Bb6 9. h3 Nh6 10. Bg5 Qe8 11. Re1 Nf5 12. d5 Ncd4 13. Ba4 h6 14. Bf4 g5 15. Bd2 Ng3 16. Nc3 Qe7 17. Nxd4 Bxd4 18. Qf3 Nf5 19. Qxf5 d6 20. Qd3 dxe5 21. Qxd4 1-0

[Event "Bratislava Doprastav op"]
[Site "Bratislava"]
[Date "2005.06.30"]
[Round "7"]
[White "Jambrich, Jaromir"]
[Black "Pisar, Juraj"]
[Result "1-0"]
[WhiteElo "1696"]
[BlackElo "1446"]
[PlyCount "71"]
[EventDate "2005.06.25"]
[EventType "swiss"]
[EventRounds "9"]
[EventCountry "SVK"]
[SourceTitle "EXT 2006"]
[Source "ChessBase"]
[SourceDate "2005.11.24"]
[SourceVersion "1"]
[SourceVersionDate "2005.11.24"]
[SourceQuality "1"]

1. Nf3 d5 2. b4 e6 3. Bb2 Nf6 4. b5 c5 5. e3 a6 6. c4 axb5 7. cxb5 Be7 8. a4 b6 9. d4 c4 10. Ne5 Qd6 11. Ba3 Qc7 12. Bxe7 Qxe7 13. Qd2 Bd7 14. Qb2 0-0 15. Nc3 Rc8 16. Be2 Ra5 17. 0-0 Be8 18. Rfb1 Nbd7 19. Nc6 Qd6 20. Nxa5 bxa5 21. b6 Rb8 22. b7 e5 23. Qb5 exd4 24. exd4 Nf8 25. Qxa5 Ne6 26. Qb4 Qf4 27. Qb6 Nxd4 28. a5 Nd7 29. Qb2 Nc6 30. Nxd5 Qe4 31. Bf3 Qe6 32. Nc7 Qd6 33. Nxe8 Rxe8 34. Bxc6 Nc5 35. Bxe8 Nd3 36. b8Q 1-0

[Event "SVK-Cup14 sf5 corr"]
[Site "Slovakia"]
[Date "2005.??.??"]
[Round "?"]
[White "Bujdak, Pavol"]
[Black "Pisar, Juraj"]
[Result "1-0"]
[WhiteElo "2058"]
[BlackElo "1700"]
[PlyCount "29"]
[EventDate "2005.04.01"]
[EventType "tourn (corr)"]
[EventRounds "6"]
[EventCountry "SVK"]
[SourceTitle "Corr 2008"]
[Source "ChessBase"]
[SourceDate "2008.06.24"]
[SourceVersion "1"]
[SourceVersionDate "2008.06.24"]
[SourceQuality "1"]

1. e4 Nc6 2. d4 e6 3. Nf3 d5 4. e5 Nge7 5. Bg5 h6 6. Bh4 Qd7 7. c3 Ng6 8. Bg3 Be7 9. Bd3 Nf8 10. 0-0 Nh7 11. Qc2 g6 12. Nbd2 h5 13. Bh4 Bxh4 14. Nxh4 Qe7 15. Nhf3 1-0

[Event "SVK-ch op 11th corr"]
[Site "Slovakia"]
[Date "2005.??.??"]
[Round "?"]
[White "Solar, Jan"]
[Black "Pisar, Juraj"]
[Result "1-0"]
[WhiteElo "1700"]
[BlackElo "1700"]
[PlyCount "29"]
[EventDate "2005.02.01"]
[EventType "tourn (corr)"]
[EventRounds "6"]
[EventCountry "SVK"]
[SourceTitle "Corr 2008"]
[Source "ChessBase"]
[SourceDate "2008.06.24"]
[SourceVersion "1"]
[SourceVersionDate "2008.06.24"]
[SourceQuality "1"]

1. d4 d5 2. Nf3 Nc6 3. c4 Bf5 4. cxd5 Qxd5 5. Nc3 Qd7 6. d5 Nb4 7. e4 Bg4 8. Qb3 e6 9. Ne5 Qe7 10. Bb5+ Kd8 11. Nxg4 Qc5 12. dxe6 fxe6 13. Be3 Qh5 14. Qxe6 Bd6 15. Qd7# 1-0